The noble scholar, jurist, historian


 His Excellency Dr. Abdul Wahhab bin Ibrahim Abu Sulaiman, may Allah have mercy on him.


 He was born in Umm Al-Qura in the year 1356 AH.

مقام إبراهيم عليه وعلى نبينا الصلاة والسلام : (Record no. 14627)

MARC details
000 -LEADER
fixed length control field 01071cam a2200241 i 4500
003 - CONTROL NUMBER IDENTIFIER
control field SA-RiAUC
005 - DATE AND TIME OF LATEST TRANSACTION
control field 20260316122154.0
008 - FIXED-LENGTH DATA ELEMENTS--GENERAL INFORMATION
fixed length control field 260225s1958 ua g 00000 ara c
040 ## - CATALOGING SOURCE
Original cataloging agency SA-RiAUC
Language of cataloging ara
Transcribing agency SA-RiAUC
Description conventions rda
082 04 - DEWEY DECIMAL CLASSIFICATION NUMBER
Classification number 215.1
090 ## - LOCALLY ASSIGNED LC-TYPE CALL NUMBER (OCLC); LOCAL CALL NUMBER (RLIN)
Classification number (OCLC) (R) ; Classification number, CALL (RLIN) (NR) م ن 215.1
Local cutter number (OCLC) ; Book number/undivided call number, CALL (RLIN) م ع ل
100 1# - MAIN ENTRY--PERSONAL NAME
Personal name المعلمي، عبد الرحمن بن يحيى بن علي،
Dates associated with a name 1313-1386 هجري
Relator term مؤلف.
245 10 - TITLE STATEMENT
Title مقام إبراهيم عليه وعلى نبينا الصلاة والسلام :
Remainder of title هل يجوز تأخيره عن موضعه عند الحاجة لتوسيع المطاف /
Statement of responsibility, etc. عبد الرحمن بن يحيى اليماني.
264 #1 - PRODUCTION, PUBLICATION, DISTRIBUTION, MANUFACTURE, AND COPYRIGHT NOTICE
Place of production, publication, distribution, manufacture القاهرة :
Name of producer, publisher, distributor, manufacturer [الناشر غير محدد]،
Date of production, publication, distribution, manufacture, or copyright notice 1958
300 ## - PHYSICAL DESCRIPTION
Extent 63 صفحة ؛
Dimensions 29 سم
336 ## - CONTENT TYPE
Content type term نص
Content type code txt
Source rdacontent
Materials specified كتاب
337 ## - MEDIA TYPE
Media type term بدون وسيط
Media type code n
Source rdamedia
338 ## - CARRIER TYPE
Carrier type term مجلد
Carrier type code nc
Source rdacarrier
650 #7 - SUBJECT ADDED ENTRY--TOPICAL TERM
Topical term or geographic name entry element المزارات الإسلامية
Source of heading or term aucsh
651 #7 - SUBJECT ADDED ENTRY--GEOGRAPHIC NAME
Geographic name مكة المكرمة
General subdivision تاريخ
Source of heading or term aucsh
942 ## - ADDED ENTRY ELEMENTS (KOHA)
Source of classification or shelving scheme Dewey Decimal Classification
Koha item type كتاب مصور نادر
Suppress in OPAC No
949 ## - LOCAL PROCESSING INFORMATION (OCLC)
a SA-JeALM
d 260225
u mohamedma123
n 1
Holdings
Withdrawn status Lost status Source of classification or shelving scheme Damaged status Not for loan Home library Current library Date acquired Total checkouts Full call number Barcode Date last seen Price effective from Koha item type
    Dewey Decimal Classification     DR AbdElwahab Library DR AbdElwahab Library 03/16/2026   م ن 215.1 م ع ل 000023130 03/16/2026 03/16/2026 كتاب مصور نادر